000 01096cam a22002771i 4500
003 SA-RiAUC
005 20250126062349.0
008 250126s1993 le g 000 0cara c
040 _aTN_BIBPUB
_bara
_cSA-RiAUC
_erda
082 0 4 _a928.1
_qSA-RiAUC
090 _a928.1
_bم ح م
100 1 _aمحمد كرد علي، محمد بن عبد الرزاق بن محمد،
_d1876-1953
_eمؤلف.
245 1 2 _aالمعاصرون /
_cمحمد كرد علي ؛ تعليق محمد المصري.
250 _aالطبعة الثانية.
264 1 _aبيروت :
_bدار صادر للطباعة والنشر،
_c1993
300 _a538 صفحة ؛
_c25 سم.
336 _aنص
_btxt
_2rdacontent
_3كتاب
337 _aبدون وسيط
_bn
_2rdamedia
338 _aمجلد
_bnc
_2rdacarrier
490 0 _aإصدارات مجمع اللغة العربية بدمشق
563 _aمجلد فني أبيض.
650 7 _aالأدباء العرب
_vتراجم
_2aucsh
700 1 _aالمصري، محمد
_eمعلق.
942 _2ddc
_cBOOK
_n0
949 _aSA-JeALM
_d250126
_umohamedma123
_n1
999 _c5231
_d5231